00694nam a22002057a 450000500170000000800410001702000180005804100080007604400070008408200170009124501030010826000460021130000230025765000490028065000440032970000270037370000300040070000290043070000290045920140912100424.0131029b2013 ck il | 00| 0 spa d a9789589996539 aspa ack04a561.45bC35p aPalmas nativas de la Orinoquía : bbiodiversidad productiva /cFrancisco Castro Lima ...[et al]. aBogotabFundación Horizonte Verdec2013 a92 p.bil.c24 cm. 4aPalmasvdistribuciónzOrinoquia (Colombia) 6aTaxonomia vegetalzOrinoquia (Colombia)1 aCastro-Lima, Francisco1 aOcampo-Durán, Francisco1 aPeñuela-Recio, Lourdes1 aSanabria, Diana Patricia